| 000 | 00444nam a22001577a 4500 | ||
|---|---|---|---|
| 005 | 20231010152801.0 | ||
| 008 | 231010b ||||| |||| 00| 0 eng d | ||
| 050 | _aHF5415.13.M34 | ||
| 100 | _9Taylor, Michael. | ||
| 245 |
_aMarketing / _cMichael Taylor ... [et al.] |
||
| 260 |
_aOntario : _bIvy Publishing, _c2012. |
||
| 700 |
_aPerkins, Andrew. _92545 |
||
| 700 |
_aHuff, Aimee. _92546 |
||
| 700 |
_aPirouz, Raymond. _92547 |
||
| 942 |
_2lcc _cBK |
||
| 999 |
_c10110 _d17610 |
||